| 000 | 01035nam a2200193 a 4500 | ||
|---|---|---|---|
| 001 | 58623 | ||
| 005 | 20180714055306.0 | ||
| 008 | 140415s2012 xxu 000 0 eng d | ||
| 020 | _a9780077439569 | ||
| 041 | _aeng | ||
| 082 |
_a658.4012 _bDES |
||
| 245 | 0 | 0 |
_aSTRATEGIC MANAGEMENT : _bCREATING COMPETITIVE ADVANTAGES |
| 250 | _a6a ed. | ||
| 260 |
_aESTADOS UNIDOS DE AMERICA : _bMCGRAW-HILL COMPANIES, INC., _c2012 |
||
| 300 |
_a529 _c20.3 x 1.7 x 25.3 |
||
| 520 | _aWE´RE VERY PEASED WITH THE POSITIVE MARKET REPONSE TO OUR PREVIOUS EDITIONS. WE ARE ALWAYS STRIVING TO IMPROVE OUR WORK, AND WE APPRECIATE THE EXTENSIVE AND CONSTRUCTIVE FEDDBACK THAT MANY STRATEGY PROFESSIONALS HAVE GRACIOUSLY GIVEN. US. WE HAVE WORDED HARD TO INCORPORATE MANY OF THEIR IDEAS INTO THE SIXTH EDITION AS WE HAVE IN PREVIOUS EDITIONS AS WEEL. WE ACKNOWLEDGE THESE MANY CONTIBUTIONS LATER IN THE PREFACE | ||
| 650 | 1 | 4 | _aPLANEACION ESTRATEGICA |
| 700 | 1 |
_aDESS, GREGORY G. -LUMPKIN, G. T. -EISNER, ALAN B. -McNAMARA, GERRY _ecoaut. |
|
| 999 |
_c58623 _d58623 |
||